书目信息 |
| 题名: |
形势判断和作战
|
|
| 作者: | 倪林强 编著 | |
| 分册: | ||
| 出版信息: | 上海 上海科学技术出版社 2002.03 |
|
| 页数: | 225页 | |
| 开本: | 21cm | |
| 丛书名: | 围棋步步高 | |
| 单 册: | ||
| 中图分类: | G891.3 | |
| 科图分类: | ||
| 主题词: | 围棋--基本知识 | |
| 电子资源: | ||
| ISBN: | 7-5323-6386-4 | |
| 000 | 00771nam 22002417 455 | |
| 001 | 192004003124 | |
| 005 | 20070906165102.04 | |
| 010 | @a7-5323-6386-4@dCNY16.00 | |
| 100 | @a20070602d2002 ekmy0chiy0121 ea | |
| 101 | 0 | @achi |
| 102 | @aCN@b310000 | |
| 105 | @aa z 000yy | |
| 200 | 1 | @a形势判断和作战@Axing shi pan duan he zuo zhan@f倪林强编著 |
| 210 | @a上海@c上海科学技术出版社@d2002.03 | |
| 215 | @a225页@c图@d21cm | |
| 225 | 2 | @a围棋步步高@Awei qi bu bu gao |
| 330 | @a本书针对围棋爱好者易犯的错误,详细介绍了形势判断的基础知识,特别是角、边、中腹、厚味、外势的判断及目数的计算。 | |
| 410 | 0 | @12001 @a围棋步步高 |
| 606 | 0 | @a围棋@x基本知识 |
| 690 | @aG891.3@v4 | |
| 701 | 0 | @a倪林强@Ani lin qiang@4编著 |
| 801 | 0 | @aCN@c20070906 |
| 905 | @dG891.3@eN502 | |
| 形势判断和作战/倪林强编著.-上海:上海科学技术出版社,2002.03 |
| 225页:图;21cm.-(围棋步步高) |
| ISBN 7-5323-6386-4:CNY16.00 |
| 本书针对围棋爱好者易犯的错误,详细介绍了形势判断的基础知识,特别是角、边、中腹、厚味、外势的判断及目数的计算。 |
| ● |
| 相关链接 |
|
|
|
正题名:形势判断和作战
索取号:G891.3/N502
 
预约/预借
| 序号 | 登录号 | 条形码 | 馆藏地/架位号 | 状态 | 备注 |
| 1 | 620112 | 206201126 | 社科二线422/409社科库 28排3列2层/ [索取号:G891.3/N502] | 在馆 | |
| 2 | 620113 | 206201135 | 社科库409/409社科库 28排3列2层/ [索取号:G891.3/N502] | 在馆 | |
| 3 | 620114 | 206201144 | 社科二线422/409社科库 28排3列2层/ [索取号:G891.3/N502] | 在馆 |